<?xml version="1.0" encoding="UTF-8"?>
<marc:record xmlns:marc="http://www.loc.gov/MARC21/slim">
   <marc:leader>00000nam a2200000 a 4500</marc:leader>
   <marc:datafield ind1="1" ind2=" " tag="100">
      <marc:subfield code="a">Pitts, Johny</marc:subfield>
      <marc:subfield code="4">aut</marc:subfield>
      <marc:subfield code="e">Verfasser/-in</marc:subfield>
   </marc:datafield>
   <marc:datafield ind1=" " ind2=" " tag="653">
      <marc:subfield code="a">Achille Mbembe</marc:subfield>
   </marc:datafield>
   <marc:datafield ind1=" " ind2=" " tag="653">
      <marc:subfield code="a">Afrotopia</marc:subfield>
   </marc:datafield>
   <marc:datafield ind1=" " ind2=" " tag="653">
      <marc:subfield code="a">Ta-Nehisi Coates</marc:subfield>
   </marc:datafield>
   <marc:datafield ind1=" " ind2=" " tag="653">
      <marc:subfield code="a">Beyoncé</marc:subfield>
   </marc:datafield>
   <marc:datafield ind1=" " ind2=" " tag="653">
      <marc:subfield code="a">James Baldwin</marc:subfield>
   </marc:datafield>
   <marc:datafield ind1=" " ind2=" " tag="653">
      <marc:subfield code="a">Audre Lorde</marc:subfield>
   </marc:datafield>
   <marc:datafield ind1=" " ind2=" " tag="653">
      <marc:subfield code="a">Afrodeutsch</marc:subfield>
   </marc:datafield>
   <marc:datafield ind1=" " ind2=" " tag="653">
      <marc:subfield code="a">Teju Cole</marc:subfield>
   </marc:datafield>
   <marc:datafield ind1=" " ind2=" " tag="653">
      <marc:subfield code="a">May Ayim</marc:subfield>
   </marc:datafield>
   <marc:datafield ind1=" " ind2=" " tag="653">
      <marc:subfield code="a">Softcover / Sachbücher/Politik</marc:subfield>
   </marc:datafield>
   <marc:datafield ind1=" " ind2=" " tag="653">
      <marc:subfield code="a">Gesellschaft</marc:subfield>
   </marc:datafield>
   <marc:datafield ind1=" " ind2=" " tag="653">
      <marc:subfield code="a">Wirtschaft</marc:subfield>
   </marc:datafield>
   <marc:datafield ind1=" " ind2=" " tag="653">
      <marc:subfield code="a">Achille Mbembe;Afrotopia;Ta-Nehisi Coates;Beyoncé;James Baldwin;Audre Lorde;Afrodeutsch;Teju Cole;May Ayim;Carolin Emcke;George Floyd;Polizeigewalt;Reni Eddo-Lodge;Jackie Thomae;Max Czollek;Black Lives Matter;Kübra Gümüsay;Alice Hasters</marc:subfield>
   </marc:datafield>
   <marc:datafield ind1="0" ind2="0" tag="245">
      <marc:subfield code="a">Afropäisch</marc:subfield>
   </marc:datafield>
   <marc:datafield ind1="0" ind2="0" tag="245">
      <marc:subfield code="b">eine Reise durch das schwarze Europa</marc:subfield>
   </marc:datafield>
   <marc:datafield ind1="0" ind2="0" tag="245">
      <marc:subfield code="c">Pitts, Johny</marc:subfield>
   </marc:datafield>
   <marc:datafield ind1=" " ind2="1" tag="264">
      <marc:subfield code="a">Berlin</marc:subfield>
      <marc:subfield code="b">Suhrkamp</marc:subfield>
      <marc:subfield code="c">2020</marc:subfield>
   </marc:datafield>
   <marc:datafield ind1=" " ind2=" " tag="250">
      <marc:subfield code="a">1. Auflage</marc:subfield>
   </marc:datafield>
   <marc:datafield ind1="1" ind2=" " tag="520">
      <marc:subfield code="a">Angaben aus der Verlagsmeldung

Afropäisch : Eine Reise durch das schwarze Europa Afropean. Notes From Black Europe / von Johny Pitts

»Mit Afropäisch betritt ein leidenschaftlicher Autor die Bühne, der eine schwarze Welt sichtbar macht, die sonst vielen verborgen geblieben wäre.« The Guardian

 

»Und wo kommst du eigentlich her?« Viele schwarze Europäer kennen diese Frage, denn in den Köpfen mancher ist das noch immer ein Gegensatz – schwarz sein und Europäer sein. Dabei gibt es längst eine gelebte afropäische Kultur. Um sie zu erkunden, bereist Johny Pitts die Metropolen des Kontinents. In Paris folgt er den Spuren James Baldwins, in Berlin trifft er ghanaische Rastafarians, in Moskau besucht er die einstige Patrice-Lumumba-Universität. Nicht nur in französischen Banlieues und Favelas am Rande Lissabons wird deutlich, dass Europas multikulturelle Gegenwart nach wie vor von seiner kolonialen Vergangenheit gezeichnet ist. Rassismus und Armut sind Teil des Alltags vieler schwarzer Europäer.

Meisterhaft verknüpft Pitts Reportage und literarischen Essay zu einem zeitgenössischen Porträt eines Weltteils auf der Suche nach seiner postkolonialen Identität. Pitts erzählt von afropäischen Schriftstellern wie Dumas dem Älteren und Puschkin, von Musikern, Aktivisten, Restaurantbesitzern oder einfachen Arbeitern. Er zeigt, wie sehr sie die Gesellschaften und die Kultur dieses Kontinents geprägt haben und prägen. Ein so einfühlsames wie aktuelles Buch, das den Blick auf Europa verändert.

</marc:subfield>
   </marc:datafield>
   <marc:datafield ind1=" " ind2=" " tag="020">
      <marc:subfield code="a">9783518429419</marc:subfield>
      <marc:subfield code="9">9783518429419</marc:subfield>
   </marc:datafield>
   <marc:datafield ind1=" " ind2=" " tag="020">
      <marc:subfield code="a">3518429418</marc:subfield>
      <marc:subfield code="9">3518429418</marc:subfield>
   </marc:datafield>
   <marc:datafield ind1=" " ind2=" " tag="041">
      <marc:subfield code="a">ger</marc:subfield>
   </marc:datafield>
   <marc:datafield ind1=" " ind2=" " tag="300">
      <marc:subfield code="a">461 Seiten</marc:subfield>
   </marc:datafield>
</marc:record>
